000 00492nam a2200181Ia 4500
001 14051
005 20260306164846.0
008 260306t2009||||xx |||||||||||||| ||spa||
041 _aESP
082 _a006.3
_bL42
100 _aLeija, Lorenzo
_eAUT
245 0 _aMétodos de procesamiento avanzado e inteligencia artificial en sistemas sensores y biosensores
260 _c2009
300 _axix, 537 páginas :
_c26 cm.
650 _aGEN
654 _aCCC
942 _cLIB
_dJUS
_fJUS
_2ddc
_n
999 _c14051
_d14051